100 Important words - part 3 - Statistics

General Stats
  • This quiz has been taken 13 times
  • The average score is 36 of 100
Answer Stats
עברית English % Correct
חיסרון disadvantage
100%
כתב, עיתונאי reporter
100%
סוג\ טוב לב kind
80%
פרטי private
80%
ניתוח surgery
80%
עיירה town
80%
היה עושה אם would
80%
הרפתקה adventure
60%
גיל age
60%
שניהם\ גם וגם both
60%
תחרות competition
60%
לשלוח deliver
60%
לגלות discover
60%
מספיק enough
60%
בריא healthy
60%
גבוה high
60%
בית חולים hospital
60%
ללמוד learn
60%
מתמטיקה mathematics
60%
מטופל patient
60%
סיכון risk
60%
מסוגל able to
40%
פעילות activity
40%
דירה apartment
40%
לפחות at least
40%
מרכז center
40%
זול cheap
40%
משלוח delivery
40%
חדר אוכל dining room
40%
מזרח east
40%
מצרים egypt
40%
אירופה europe
40%
דירה\ שטוח flat
40%
גיאוגרפיה geography
40%
ממשלה government
40%
לקרות\ קורה happen
40%
חג\ חופשה holiday
40%
לקוות\ תקווה hope
40%
לשפר\ להשתפר improve
40%
להצטרף, לצרף דבר לדבר join
40%
פחות less
40%
תור line
40%
צפון north
40%
ברגע ש\ כש once
40%
עני, מסכן poor
40%
להעדיף prefer
40%
להכין, להתכונן prepare
40%
פרויקט project
40%
תור, לעמוד בתור queue
40%
סיבה reason
40%
מדען scientist
40%
שירות service
40%
מדרכה sidewalk
40%
בקרוב soon
40%
דרום south
40%
מרגל\לרגל spy
40%
שלהם their
40%
מחשבה\ חשב thought
40%
מזג אוויר weather
40%
מערב west
40%
בין אם\ אם whether
40%
יתרון advantage
20%
עצה advice
20%
רגוע, שלו calm
20%
לקוחות customers
20%
תלוי ב depend on
20%
השפעה effect
20%
תשלום fee
20%
להזיק harm
20%
לזהות identify
20%
עצמאי independent
20%
כדי in order to
20%
הרבה lots of
20%
יוקרה luxury
20%
חייב must
20%
נקרא על שם named
20%
רגיל regular
20%
לשכור rent
20%
מסעדה restaurant
20%
תוצאה result
20%
לחזור\ להחזיר return
20%
מוכר בחנות shopkeeper
20%
סוויטה suite
20%
הכי the most
20%
לנסות, לבדוק try out
20%
פעמיים twice
20%
בזמן ש while
20%
למרות ש although
0%
זהיר careful
0%
להרוויח earn
0%
להכנס enter
0%
חוץ מ except for
0%
לא מזיק harmless
0%
מנהל manager
0%
אסור must not
0%
מקצוע profession
0%
משלוח, הובלה shipment
0%
מיומנויות skills
0%
נושא subject
0%
עד untill
0%
No matching quizzes found
Score Distribution
Percent of People with Each Score
Percentile by Number Answered
Your Score History
You have not taken this quiz